000 00386nam a2200169Ia 4500
008 210210b1939 xxu||||| |||| 00| 0 eng d
041 _aeng
082 _a425/48
100 _aCAREY (G V)
245 _aMind the stop
260 _aCambridge
_bAt the University Press.
_c1939
650 _athe
650 _astop
650 _aMind
690 _aEnglish Language
906 _a005824
999 _c128841
_d128841